01307 a2200229 4500003000500000005001700005010001600022020002300038020002300061035002000084040000900104082001900113100001800132245008000150260005800230300003400288440006500322505047700387650003400864856008900898856009000987Nust20221202161203.0 a 97126840 a0198562780 (pbk) : a0198562799 (cased) a(OCoLC)35135533 cNust00a621.381521,HER1 aHerbst, L. J.10aIntegrated circuit engineering :bestablishing a foundation /cL.J. Herbst. aOxford ;aNew York :bOxford University Press,c1996. axvi, 472 p. :bill. ;c25 cm. 0aTextbooks in electrical and electronic engineering ;vvol. 4 aOverview (Page-1), Fabrication And Packaging (Page-15), Component Formation (Page-73), Device Behavior And Modeling (Page-93), Digital Circuits-Techniques And Performance (Page-117), Analogue Circuits- Techniques And Performance (Page-181), Semiconductor Memories (Page-261), ASIC Design Styles (Page-293), Asics- Programmable Logic Devices (Page-303), Asics- Characteristics And Design Issues (Page-339), Asics- Design Techniques (Page-385), Submicron Scaling (Page-425). 0aTelecommunication Engineering423Publisher descriptionuhttp://www.loc.gov/catdir/enhancements/fy0640/97126840-d.html423Table of contents onlyuhttp://www.loc.gov/catdir/enhancements/fy0640/97126840-t.html